Из истории земли Томской. Вып. 2 : 1917-1970 гг.: сборник документов и материалов; Предисловие; Резолюция митинга трудящихся г. Томска по поводу нападения Германии на СССР; Письмо А. С. Постольской матери; Наградной лист Героя Советского Союза И. С. Черных; Письмо бойцов, командиров и политработников 150-го армейского запасного стрелкового полка коллективу Томского индустриального института; Боевой путь Томского артиллерийского полка Сибирской добровольческой дивизии; Постановление собрания научных работников Томска о задачах ученых в период Великой Отечественной войны; Ученые - Кузбассу; Доклад профессора-доктора томского физико-технического института В. Д. Кузнецова о работе комитета ученых г. Томска в годы Великой Отечественной войны на конференции в г. Новосибирске

Бібліографічні деталі
Співавтор: Государственный архив Томской области
Інші автори: Акаченок А. П. (составитель), Черняк В. А.
Мова:Російська
Опубліковано: Новосибирск, Западно-Сибирское книжное издательство, 1981
TOC:Э. И. Черняк, Предисловие;
Резолюция митинга трудящихся г. Томска по поводу нападения Германии на СССР;
Письмо А. С. Постольской матери;
Наградной лист Героя Советского Союза И. С. Черных;
Письмо бойцов, командиров и политработников 150-го армейского запасного стрелкового полка коллективу Томского индустриального института;
В. Шабальников, Боевой путь Томского артиллерийского полка Сибирской добровольческой дивизии;
Постановление собрания научных работников Томска о задачах ученых в период Великой Отечественной войны;
Ученые - Кузбассу;
Доклад профессора-доктора томского физико-технического института В. Д. Кузнецова о работе комитета ученых г. Томска в годы Великой Отечественной войны на конференции в г. Новосибирске;
Предмети:
Формат: MixedMaterials Книга
KOHA link:https://koha.lib.tpu.ru/cgi-bin/koha/opac-detail.pl?biblionumber=15857

MARC

LEADER 00000nam0a2200000 4500
001 15857
005 20231101205039.0
035 |a (RuTPU)RU\TPU\book\15974 
035 |a BOOK00016043 
090 |a 15857 
100 |a 20011209d1981 ek y0rusy50 ca 
101 0 |a rus 
102 |a RU 
105 |a y z 001zy 
200 1 |a Из истории земли Томской. Вып. 2 : 1917-1970 гг.  |e сборник документов и материалов  |f Государственный архив Томской области ; сост. А. П. Акаченок, В. А. Черняк 
210 |a Новосибирск  |c Западно-Сибирское книжное издательство  |d 1981 
215 |a 176 с. 
320 |a Библиогр. в примеч. 
464 |t Предисловие  |f Э. И. Черняк 
464 |t Резолюция митинга трудящихся г. Томска по поводу нападения Германии на СССР 
464 |t Письмо А. С. Постольской матери  |o фрагменты 
464 |t Наградной лист Героя Советского Союза И. С. Черных  |o фрагменты 
464 |t Письмо бойцов, командиров и политработников 150-го армейского запасного стрелкового полка коллективу Томского индустриального института 
464 |t Боевой путь Томского артиллерийского полка Сибирской добровольческой дивизии  |o статья  |f В. Шабальников 
464 |t Постановление собрания научных работников Томска о задачах ученых в период Великой Отечественной войны  |o фрагменты 
464 |t Ученые - Кузбассу  |o фрагмент 
464 |t Доклад профессора-доктора томского физико-технического института В. Д. Кузнецова о работе комитета ученых г. Томска в годы Великой Отечественной войны на конференции в г. Новосибирске  |a Шабальников, В. 
606 1 |a Томская область  |x История  |2 stltpush  |3 (RuTPU)RU\TPU\subj\67227  |9 83110 
610 1 |a история 
610 1 |a Западная Сибирь 
610 1 |a Томск 
610 1 |a 20 век 
610 1 |a социалистическое строительство 
610 1 |a социалистическая экономика 
610 1 |a социалистическая политика 
610 1 |a социалистическая культура 
610 1 |a документы 
610 1 |a исторические документы 
610 1 |a исторические источники 
686 |a Т3(253.3-4Том)  |v LBC/SL-A  |2 rubbk 
702 1 |a Акаченок  |b А. П.  |4 220 
702 1 |a Черняк  |b В. А.  |4 220 
712 0 2 |a Государственный архив Томской области  |2 stltpush  |3 (RuTPU)RU\TPU\col\126  |9 23209 
801 0 |a RU  |b 63413507  |c 20011209  |g PSBO 
801 2 |a RU  |b 63413507  |c 20221220  |g PSBO 
942 |c BK